Central Library OPAC University of Rajshahi

রবীন্দ্রনাথ: / (Record no. 44113)

MARC details
000 -LEADER
fixed length control field 01086nam a2200253 a 4500
001 - CONTROL NUMBER
control field 44113
003 - CONTROL NUMBER IDENTIFIER
rucl marc code BD-RjUL
005 - DATE AND TIME OF LATEST TRANSACTION
control field 20211209053813.0
008 - FIXED-LENGTH DATA ELEMENTS--GENERAL INFORMATION
fixed length control field 190323s1996 bg b 000 0 ben
020 ## - INTERNATIONAL STANDARD BOOK NUMBER
International Standard Book Number 984401316X
Terms of availability : Tk. 120.00
035 ## - SYSTEM CONTROL NUMBER
System control number (BD-RjUL)44231
040 ## - CATALOGING SOURCE
Original cataloging agency DLC
Transcribing agency DLC
Modifying agency BD-RjUL
Language of cataloging ben/eng
041 ## - LANGUAGE CODE
Language code of text/sound track or separate title ben
082 00 - DEWEY DECIMAL CLASSIFICATION NUMBER
Classification number 891.44109
Author mark and year ISR 1996
Edition number 23
100 1# - MAIN ENTRY--PERSONAL NAME
Personal name ইসলাম, মযহারুল
9 (RLIN) 229558
245 14 - TITLE STATEMENT
Title রবীন্দ্রনাথ: /
Remainder of title কবি, সাহিত্যশিল্পী এবং কর্মযোগী /
Statement of responsibility, etc. মযহারুল ইসলাম
260 ## - PUBLICATION, DISTRIBUTION, ETC. (IMPRINT)
Place of publication, distribution, etc. ঢাকা:
Name of publisher, distributor, etc. আগামী প্রকাশনী,
Date of publication, distribution, etc. ১৯৯৬
300 ## - PHYSICAL DESCRIPTION
Pagination ১৯০, [১] পৃ. ;
Size ২২ সেমি.
600 ## - SUBJECT ADDED ENTRY--PERSONAL NAME
Personal name ঠাকুর, রবীন্দ্রনাথ
General subdivision জীবনী
Personal name Tagore, Rabindranath
General subdivision Biography
650 ## - SUBJECT ADDED ENTRY--TOPICAL TERM
Topical term or geographic name as entry element বাংলা কবিতা
General subdivision ইতিহাস ও সমালোচনা
9 (RLIN) 229561
Topical term or geographic name as entry element Bengali Poetry
General subdivision History and criticism
9 (RLIN) 229562
942 ## - ADDED ENTRY ELEMENTS (KOHA)
Source of classification or shelving scheme Dewey Decimal Classification
Koha item type Books
Holdings
Lost status Source of classification or shelving scheme Damaged status Not for loan Collection code Permanent Location Current Location Shelving location Date acquired Source of acquisition Cost, normal purchase price Total Checkouts Full call number Date last seen Copy number Koha item type Date checked out
  Dewey Decimal Classification   Not For Loan Fiction Central Library, University of Rajshahi Central Library, University of Rajshahi Reading Room 24/09/1998 The Author 120.00   B 891.44109 ISR 1996 23/03/2019 C-1 Books  
  Dewey Decimal Classification     Fiction Central Library, University of Rajshahi Central Library, University of Rajshahi   24/09/1998 The Author 120.00 5 B 891.44109 ISR 1996 15/04/2026 C-2 Books 12/04/2026
  Dewey Decimal Classification     Fiction Central Library, University of Rajshahi Central Library, University of Rajshahi   24/09/1998 The Author 120.00   B 891.44109 ISR 1996 23/03/2019 C-3 Books  
  Dewey Decimal Classification     Fiction Central Library, University of Rajshahi Central Library, University of Rajshahi   24/09/1998 The Author 120.00 1 B 891.44109 ISR 1996 11/02/2025 C-4 Books 10/02/2025
  Dewey Decimal Classification     Fiction Central Library, University of Rajshahi Central Library, University of Rajshahi   24/09/1998 The Author 120.00 2 B 891.44109 ISR 1996 17/08/2022 C-5 Books 14/08/2022